10 Famous People from Barbados - Statistics

General Stats
  • This quiz has been taken 46 times
  • The average score is 2 of 10
Answer Stats
Hint Answer % Correct
Singer whose famous hit songs are Umbrella and Diamonds Rihanna
98%
American actor who won an Oscar for playing in Jerry Maguire and whose grandfather was Barbadian Cuba Gooding Jr.
34%
English left-back who played for Arsenal and Chelsea and whose father was Barbadian Ashley Cole
30%
African-born slave who led the largest slave rebellion in Barbadian history in 1816 Bussa
14%
Singer who released her debut album Shontelligence in 2008 Shontelle
11%
Cricketer considered to be cricket's greatest ever all-rounder Garfield Sobers
9%
Sprinter who was finalist in the 100 m at three Olympics Obadele Thompson
9%
Lindy Hop dancer known as "Queen of Swing" whose both parents were from Barbados Norma Miller
7%
"Father of Independence" and Barbados' first Prime Minister Errol Walton Barrow
5%
Early 18th-century pirate who was a moderately wealthy landowner before turning to a life of crime Stede Bonnet
2%
No matching quizzes found
Score Distribution
Percent of People with Each Score
Percentile by Number Answered
Your Score History
You have not taken this quiz